[Event "Ì17Ï"]
[Site "Loo"]
[Date "2017.04.27"]
[Round "8.38"]
[White "Ìóðàòîâ, Ìàêñèì."]
[Black "Êîêóåâ, Èëüÿ."]
[Result "0-1"]
[WhiteElo "1581"]
[BlackElo "1548"]
[PlyCount "126"]
[EventDate "2017.04.20"]

1. e4 e5 2. Nf3 Nc6 3. Bb5 a6 4. Ba4 Nf6 5. O-O b5 6. Bb3 Be7 7. c3 d6 8. d4
O-O 9. Re1 Bb7 10. Bg5 Nxe4 11. Bxe7 Nxe7 12. dxe5 d5 13. Nbd2 Nc5 14. Bc2 Nd7
15. b4 Nb6 16. Nd4 Re8 17. f4 Qd7 18. f5 Nc6 19. N2f3 Nc4 20. e6 fxe6 21. fxe6
Qe7 22. Nf5 Qf6 23. Qd3 N4e5 24. Nxe5 Nxe5 25. Ne7+ Kf8 26. Qd4 Nf3+ 27. gxf3
Qxd4+ 28. cxd4 Kxe7 29. Bxh7 Kd6 30. Rac1 c6 31. Bf5 Re7 32. Kf2 Rf8 33. Bd3
Rf4 34. Ke3 Rh4 35. Re2 Rxe6+ 36. Kd2 Rxe2+ 37. Bxe2 Rxd4+ 38. Kc3 Rh4 39. Rh1
Bc8 40. Bd3 Rh3 41. Rg1 Rxf3 42. Rxg7 Bf5 43. Rg3 Rxg3 44. hxg3 Bxd3 45. Kxd3
Ke5 46. Ke3 Kf5 47. Kf3 Kf6 48. Kf4 Kg6 49. Kg4 Kg7 50. Kf3 Kg6 51. Kg4 Kf6 52.
Kf4 Kg7 53. Kf3 Kh7 54. Ke3 Kh6 55. Kf4 Kh5 56. Kf5 Kh6 57. Kf4 Kg6 58. Kg4 Kf6
59. Kf4 Ke6 60. Kg5 Ke5 61. Kh6 d4 62. g4 d3 63. g5 d2 0-1

[Event "Ì17Â"]
[Site "Loo"]
[Date "2017.04.27"]
[Round "8.1"]
[White "Êàðïåíêî, Àðòåì."]
[Black "Ýðãåøîâ, Òèìóð."]
[Result "1-0"]
[WhiteElo "2362"]
[BlackElo "2326"]
[PlyCount "59"]
[EventDate "2017.04.20"]

1. d4 Nf6 2. c4 e6 3. g3 Bb4+ 4. Nd2 c5 5. a3 Bxd2+ 6. Qxd2 cxd4 7. Nf3 b6 8.
Bg2 Bb7 9. O-O Bxf3 10. Bxf3 Nc6 11. b3 O-O 12. Bb2 Qe7 13. e3 Rac8 14. exd4 d5
15. Rac1 Na5 16. Qd3 Nb7 17. Rfe1 Rfd8 18. Qe3 dxc4 19. bxc4 Na5 20. Qe2 Qd6
21. d5 Nb3 22. Rcd1 exd5 23. Bxd5 Nxd5 24. Rxd5 Qf8 25. Qg4 f6 26. Re6 Kh8 27.
Rf5 Rc7 28. Rexf6 Qe7 29. Qxg7+ Kxg7 30. Rg5+ 1-0

[Event "Ì17Â"]
[Site "Loo"]
[Date "2017.04.27"]
[Round "8.2"]
[White "Áûêîâ, Îëåã."]
[Black "Ñàëåìãàðååâ, Òàãèð."]
[Result "1-0"]
[WhiteElo "2314"]
[BlackElo "2334"]
[PlyCount "123"]
[EventDate "2017.04.20"]

1. d4 Nf6 2. c4 c5 3. d5 b5 4. cxb5 a6 5. bxa6 g6 6. Nc3 Bxa6 7. e4 Bxf1 8.
Kxf1 d6 9. Nf3 Bg7 10. g3 Nbd7 11. Kg2 O-O 12. Qe2 Qb6 13. a4 Ne8 14. Bg5 Nef6
15. Nb5 Rfb8 16. Nd2 Qb7 17. Bxf6 Bxf6 18. Nc4 Nb6 19. Nxb6 Qxb6 20. f4 Qb7 21.
Rhd1 Ra5 22. e5 Bg7 23. b3 Rd8 24. Rac1 Raa8 25. exd6 exd6 26. Qd3 Rab8 27. Re1
Bd4 28. Qf3 Bf6 29. Re2 Qd7 30. Qd3 Kg7 31. Rce1 Rdc8 32. Re4 Rb6 33. h3 h5 34.
Qf3 c4 35. Rxc4 Rxc4 36. bxc4 Ra6 37. Qb3 Kh7 38. Qc2 Qd8 39. g4 h4 40. g5 Bg7
41. Re2 Qb6 42. Re7 Kg8 43. Re8+ Bf8 44. Qf2 Qxf2+ 45. Kxf2 Kg7 46. f5 gxf5 47.
Nd4 Rxa4 48. Nxf5+ Kg6 49. Nxh4+ Kh5 50. Nf3 Bg7 51. c5 dxc5 52. d6 Ra7 53. Re7
Ra2+ 54. Kf1 Ra3 55. Ke2 Ra2+ 56. Kd3 Ra3+ 57. Ke4 f5+ 58. Kf4 Bf8 59. Rd7 Ra1
60. Kxf5 Bh6 61. Rh7 Rf1 62. Rxh6# 1-0

[Event "Ì17Â"]
[Site "Loo"]
[Date "2017.04.27"]
[Round "8.3"]
[White "Ãàéôóëëèí, Àðòóð."]
[Black "Ôàõðóòäèíîâ, Òèìóð."]
[Result "0-1"]
[WhiteElo "2395"]
[BlackElo "2437"]
[PlyCount "90"]
[EventDate "2017.04.20"]

1. d4 Nf6 2. Nf3 d5 3. c4 e6 4. Nc3 c5 5. cxd5 Nxd5 6. e3 cxd4 7. exd4 Bb4 8.
Bd2 Nc6 9. Bd3 O-O 10. O-O Be7 11. a3 Bf6 12. Ne4 Bxd4 13. Nxd4 Nxd4 14. Qh5 f5
15. Nc3 Nf6 16. Qd1 e5 17. Bc4+ Kh8 18. Re1 Qc7 19. Ba2 Bd7 20. Be3 Ne6 21. Rc1
Rad8 22. Bxe6 Bxe6 23. Qe2 Bc4 24. Nb5 Bxb5 25. Qxb5 Qb8 26. Bg5 Rd5 27. Qb3
Rfd8 28. h4 e4 29. h5 Ng4 30. Qh3 Rf8 31. h6 Qe5 32. hxg7+ Qxg7 33. Qh4 Ne5 34.
Rc3 Rd6 35. Rg3 Rg6 36. Rd1 Ng4 37. Bd2 Rd6 38. Kf1 Kg8 39. f3 e3 40. fxg4 f4
41. Rh3 exd2 42. Kg1 Re8 43. Kh2 f3 44. Qg3 Qe5 45. gxf3 Qe2+ 0-1

[Event "Ì17Â"]
[Site "Loo"]
[Date "2017.04.27"]
[Round "8.4"]
[White "Ëîáàíîâ, Ñåðãåé."]
[Black "Æèòíèêîâ, Êîíñòàíòèí."]
[Result "1/2-1/2"]
[WhiteElo "2429"]
[BlackElo "2262"]
[PlyCount "125"]
[EventDate "2017.04.20"]

1. d4 Nf6 2. Nc3 d5 3. Bf4 Bf5 4. e3 c6 5. Be2 Nbd7 6. g4 Bg6 7. h4 h5 8. g5
Ne4 9. Bd3 Nxc3 10. bxc3 Bxd3 11. cxd3 g6 12. Qb3 b5 13. a4 a6 14. Nf3 Bg7 15.
Ke2 O-O 16. axb5 axb5 17. c4 bxc4 18. dxc4 dxc4 19. Qb7 Rxa1 20. Rxa1 e5 21.
dxe5 Nc5 22. Qb1 Nb3 23. Ra4 Qd5 24. Qc2 Rd8 25. e4 Qd3+ 26. Qxd3 cxd3+ 27. Kd1
c5 28. Be3 Rc8 29. Nd2 Nxd2 30. Kxd2 Bxe5 31. Kxd3 Rd8+ 32. Kc2 Rc8 33. Rc4 Bd6
34. f4 Be7 35. e5 Kf8 36. Kd3 Rd8+ 37. Ke4 Rd1 38. Bxc5 Bxc5 39. Rxc5 Rb1 40.
Rc8+ Ke7 41. Rc7+ Ke6 42. Rc6+ Ke7 43. Rf6 Re1+ 44. Kf3 Rf1+ 45. Kg2 Re1 46. f5
gxf5 47. Rxf5 Re4 48. Kg3 Rg4+ 49. Kh3 Re4 50. Rf6 Re3+ 51. Kg2 Re4 52. Kg3
Re3+ 53. Kf4 Rh3 54. g6 Rxh4+ 55. Kf5 fxg6+ 56. Rxg6 Ra4 57. Rb6 h4 58. Rb7+
Ke8 59. Kf6 Rf4+ 60. Ke6 Kf8 61. Rb8+ Kg7 62. Kd6 Rd4+ 63. Kc5 1/2-1/2

[Event "Ì17Â"]
[Site "Loo"]
[Date "2017.04.27"]
[Round "8.5"]
[White "Ìàð÷óê, Ðîñòèñëàâ."]
[Black "Àáðàìîâ, Íèêèòà."]
[Result "1-0"]
[WhiteElo "2187"]
[BlackElo "2340"]
[PlyCount "85"]
[EventDate "2017.04.20"]

1. d4 Nf6 2. Nf3 e6 3. e3 c5 4. Bd3 d5 5. c3 Nc6 6. Nbd2 Bd6 7. O-O O-O 8. Qe2
e5 9. dxc5 Bxc5 10. e4 Bg4 11. Rd1 Qe7 12. exd5 Nxd5 13. Nb3 Nf6 14. Bg5 Bb6
15. Re1 Bh5 16. a4 a6 17. Nbd2 h6 18. Bxf6 Qxf6 19. Be4 Rfe8 20. Nc4 Bc7 21. b4
Qe6 22. Ne3 Bg6 23. Bd5 Qf6 24. b5 axb5 25. axb5 Rxa1 26. Rxa1 Nd8 27. Qc4 Bd6
28. Be4 Bxe4 29. Qxe4 Bc5 30. Ra8 Qb6 31. c4 Bxe3 32. fxe3 Qd6 33. h3 f6 34.
Nh4 Qd1+ 35. Kh2 Qd7 36. Nf5 Kf8 37. c5 Ne6 38. Rxe8+ Kxe8 39. Nd6+ Ke7 40.
Nf5+ Kf8 41. Qc4 Ke8 42. Nd6+ Kf8 43. Nxb7 {çàïèñü íåðàçáîð~~èâà} 1-0

[Event "Ì17Â"]
[Site "Loo"]
[Date "2017.04.27"]
[Round "8.6"]
[White "Àñòàôóðîâ, Àðñåíèé."]
[Black "Áîãäàíîâ, Íèêèòà."]
[Result "1-0"]
[WhiteElo "2163"]
[BlackElo "2073"]
[PlyCount "101"]
[EventDate "2017.04.20"]

1. Nf3 d5 2. g3 Nf6 3. Bg2 c6 4. O-O Bf5 5. b3 h6 6. Bb2 e6 7. d3 Be7 8. c4 O-O
9. Nbd2 a5 10. a3 Nbd7 11. Rc1 Rc8 12. Rc2 Qb6 13. Qa1 Rfd8 14. h3 Bh7 15. cxd5
exd5 16. Ne5 Nf8 17. Bd4 c5 18. Bb2 Bd6 19. Ng4 Nxg4 20. hxg4 d4 21. Rfc1 Ne6
22. b4 axb4 23. Nc4 Qb5 24. axb4 Ra8 25. Nxd6 Qxb4 26. Nxb7 Rxa1 27. Bxa1 Rc8
28. Rc4 Qa3 29. Bd5 Rc7 30. Bxe6 fxe6 31. Nxc5 e5 32. f4 Bg6 33. fxe5 Bf7 34.
R4c2 Bb3 35. Bb2 Qa8 36. Nxb3 Rxc2 37. Rxc2 Qd5 38. Nxd4 Qxe5 39. Nf5 Qa5 40.
Bxg7 h5 41. e4 hxg4 42. Kg2 Qe1 43. Bh6 Qd1 44. Rd2 Qf3+ 45. Kh2 Kh7 46. Bf4
Qf1 47. Ne3 Qe1 48. Nxg4 Kg6 49. Nf2 Kf6 50. Kg2 Ke6 51. d4 1-0

[Event "Ì17Â"]
[Site "Loo"]
[Date "2017.04.27"]
[Round "8.7"]
[White "Çàé÷èêîâ, Àíäðåé."]
[Black "Ìàëûøåâ, Ãðèãîðèé."]
[Result "1-0"]
[WhiteElo "2120"]
[BlackElo "2383"]
[PlyCount "91"]
[EventDate "2017.04.20"]

1. e4 c6 2. d4 d5 3. exd5 cxd5 4. Bd3 Nc6 5. c3 Nf6 6. Bf4 Bg4 7. Qb3 Qd7 8.
Nd2 e6 9. Ngf3 Bxf3 10. Nxf3 Be7 11. Ne5 Qc8 12. O-O O-O 13. Qc2 g6 14. Rae1
Nxe5 15. dxe5 Nd7 16. Qe2 Re8 17. Qg4 Bf8 18. Re3 Bg7 19. Bb5 a6 20. Bxd7 Qxd7
21. Qh4 Rac8 22. b3 Qd8 23. Bg5 Qa5 24. Rc1 Qxa2 25. g4 Qxb3 26. Rh3 h5 27.
gxh5 Rc4 28. Qg3 Qa4 29. f3 Rec8 30. hxg6 fxg6 31. Bd2 Qe8 32. Rb1 b5 33. Kh1
d4 34. cxd4 Rxd4 35. Bh6 Qf7 36. Rg1 Qf5 37. Be3 Rd3 38. Bf4 Rc4 39. Rh4 Rcd4
40. Rg4 Rd1 41. Rxg6 Rxg1+ 42. Qxg1 Rd7 43. Rg4 Qd3 44. Rg3 Qd1 45. Rxg7+ Kf8
46. Rxd7 1-0

[Event "Ì17Â"]
[Site "Loo"]
[Date "2017.04.27"]
[Round "8.8"]
[White "ßøìåòîâ, Ìèõàèë."]
[Black "Ìåñíÿíêèí, Íèêèòà."]
[Result "1-0"]
[WhiteElo "2322"]
[BlackElo "2204"]
[PlyCount "63"]
[EventDate "2017.04.20"]

1. Nf3 d5 2. g3 Nf6 3. Bg2 Bf5 4. O-O e6 5. d3 h6 6. Nbd2 Be7 7. b3 Nbd7 8. Bb2
c6 9. c4 O-O 10. Qc2 a5 11. a3 Bh7 12. Rac1 Qb6 13. Qb1 Rfc8 14. Qa1 Bf8 15.
Ne5 Nxe5 16. Bxe5 Nd7 17. Bc3 f6 18. Qb2 Bg6 19. b4 axb4 20. axb4 Bf7 21. c5
Qb5 22. Nb3 e5 23. Bh3 d4 24. Bd2 Rc7 25. f4 b6 26. fxe5 fxe5 27. Rxf7 Kxf7 28.
Nxd4 exd4 29. Qb3+ Ke8 30. Qe6+ Be7 31. Rf1 Kd8 32. Qg8+ 1-0

[Event "Ì17Â"]
[Site "Loo"]
[Date "2017.04.27"]
[Round "8.9"]
[White "Êîíîíîâ, Âëàäèñëàâ."]
[Black "Ãàñàíîâ, Çàóð."]
[Result "0-1"]
[WhiteElo "2092"]
[BlackElo "2264"]
[PlyCount "106"]
[EventDate "2017.04.20"]

1. c4 Nf6 2. Nc3 d5 3. cxd5 Nxd5 4. Nf3 g6 5. Qa4+ Nc6 6. Ne5 Ndb4 7. a3 Nc2+
8. Qxc2 Nxe5 9. g3 Bg7 10. Bg2 O-O 11. O-O Nc6 12. d3 Nd4 13. Qd1 e5 14. b4 c6
15. Bb2 Be6 16. e3 Nb3 17. Rb1 a5 18. b5 cxb5 19. Nxb5 a4 20. Nc3 Nc5 21. Qe2
Bb3 22. Ne4 Qxd3 23. Qxd3 Nxd3 24. Ba1 Rad8 25. Nd2 Nc5 26. Bc3 Rd3 27. Bb4 b6
28. Rfc1 Rfd8 29. Bxc5 bxc5 30. Ne4 c4 31. Bf1 Bf8 32. Bxd3 cxd3 33. Nd2 Bc2
34. Ra1 f5 35. Ra2 e4 36. Raxc2 dxc2 37. Rxc2 Bxa3 38. Nc4 Bb4 39. Ra2 Rc8 40.
Nb6 Rc1+ 41. Kg2 a3 42. Nd5 Bf8 43. g4 Rb1 44. Rc2 Rb5 45. Nf6+ Kg7 46. g5 Rb7
47. Nd5 Bd6 48. Rc6 Ra7 49. Nc3 Be7 50. Na2 Bxg5 51. Rc3 Be7 52. Rb3 Rc7 53.
Nc3 Rxc3 0-1

[Event "Ì17Â"]
[Site "Loo"]
[Date "2017.04.27"]
[Round "8.10"]
[White "Ñóâîðîâ, Àëåêñàíäð."]
[Black "Ðóäåíêî, Íàóì."]
[Result "1/2-1/2"]
[WhiteElo "2107"]
[BlackElo "2263"]
[PlyCount "76"]
[EventDate "2017.04.20"]

1. e4 Nc6 2. Nf3 d5 3. exd5 Qxd5 4. Nc3 Qa5 5. h3 e5 6. Bc4 Bf5 7. d3 Nf6 8.
Bd2 Qc5 9. O-O a6 10. Re1 Be7 11. Qe2 Nd7 12. Nd5 Kd8 13. b4 Qd6 14. Nxe7 Qxe7
15. a4 f6 16. b5 Ncb8 17. bxa6 Nxa6 18. Nd4 Bg6 19. Rab1 Qd6 20. Nb5 Qf8 21.
Nc3 Nac5 22. Ne4 Bxe4 23. dxe4 Rxa4 24. Bb4 c6 25. Qd2 Kc7 26. Be6 Qe7 27. Bg4
b6 28. Red1 Rd8 29. Ra1 Rda8 30. Rxa4 Rxa4 31. Qc3 Qf7 32. Qd2 Qe7 33. Qc3 Qf7
34. Qd2 Qe7 35. Qc3 Qf7 36. Qd2 Qe7 37. Qc3 Qf7 38. Qd2 Qe7 1/2-1/2

[Event "Ì17Â"]
[Site "Loo"]
[Date "2017.04.27"]
[Round "8.11"]
[White "Êàëàáóõîâ, Áîãäàí."]
[Black "Ñàèäîâ, Áèëóõàæ."]
[Result "0-1"]
[WhiteElo "2263"]
[BlackElo "2209"]
[PlyCount "88"]
[EventDate "2017.04.20"]

1. d4 d5 2. c4 e6 3. g3 Nf6 4. Nf3 Be7 5. Bg2 O-O 6. O-O dxc4 7. Qc2 c5 8. Rd1
Qb6 9. Qxc4 Nc6 10. Nc3 cxd4 11. Nxd4 Nxd4 12. Rxd4 e5 13. Rd1 Be6 14. Qb5 Qxb5
15. Nxb5 Rad8 16. Be3 a6 17. Nc3 b5 18. a3 Bc4 19. b4 Rxd1+ 20. Rxd1 a5 21.
bxa5 b4 22. Nd5 Nxd5 23. Rxd5 bxa3 24. Rd1 a2 25. Ra1 Rb8 26. Be4 Bd5 27. Bxd5
Rb1+ 28. Kg2 Rxa1 29. Kf3 Rd1 30. Bxa2 Ra1 31. Bd5 Rxa5 32. Ke4 Bf6 33. h4 g6
34. Bb3 Be7 35. Bd5 Bd6 36. Bb3 Kg7 37. Kf3 Ra3 38. Bd5 Bc5 39. Ke4 f5+ 40. Kf3
f4 41. Kg2 Bxe3 42. fxe3 Rxe3 43. Kf2 Rxg3 44. Bc6 Kf6 0-1

[Event "Ì17Â"]
[Site "Loo"]
[Date "2017.04.27"]
[Round "8.12"]
[White "Øàíäðûãèí, Íèêèòà."]
[Black "Âàñèë¸íîê, Àíòîí."]
[Result "1/2-1/2"]
[WhiteElo "2222"]
[BlackElo "2174"]
[PlyCount "50"]
[EventDate "2017.04.20"]

1. e4 c5 2. Nf3 d6 3. d4 cxd4 4. Qxd4 Nc6 5. Bb5 Bd7 6. Bxc6 Bxc6 7. Nc3 h6 8.
Qd3 Nf6 9. Nd4 e6 10. f3 a6 11. Be3 Qc7 12. O-O-O d5 13. Rhe1 dxe4 14. fxe4 Rc8
15. Nxc6 Qxc6 16. Bd4 Be7 17. Qg3 O-O 18. Rf1 Kh7 19. Qf3 Kg8 20. Qg3 Kh7 21.
Qd3 Kg8 22. Qg3 Kh7 23. Qd3 Kg8 24. Qg3 Kh7 25. Qd3 Kg8 1/2-1/2

[Event "Ì17Â"]
[Site "Loo"]
[Date "2017.04.27"]
[Round "8.13"]
[White "Ñàêóëî, Äåíèñ."]
[Black "Ãðèãîðüåâ, Èëüÿ."]
[Result "1/2-1/2"]
[WhiteElo "2147"]
[BlackElo "2309"]
[PlyCount "55"]
[EventDate "2017.04.20"]

1. Nf3 Nf6 2. c4 g6 3. Nc3 d5 4. Qa4+ Nc6 5. Nd4 Qd7 6. cxd5 Nxd5 7. Nxd5 Qxd5
8. Nxc6 Qxc6 9. Qxc6+ bxc6 10. g3 Rb8 11. b3 Bg7 12. Rb1 c5 13. d3 c4 14. Bb2
Bxb2 15. Rxb2 cxb3 16. Rxb3 Rxb3 17. axb3 Be6 18. b4 Kd7 19. Kd2 Rb8 20. Kc3
Rb5 21. d4 a5 22. bxa5 Rxa5 23. Bg2 Ra3+ 24. Kd2 Ra2+ 25. Kd3 Ra3+ 26. Kd2 Ra4
27. Kc3 Ra3+ 28. Kd2 1/2-1/2

[Event "Ì17Â"]
[Site "Loo"]
[Date "2017.04.27"]
[Round "8.14"]
[White "Øèíêåâè÷, Ìàêñèì."]
[Black "Ìíàöàêàíÿí, Àðñåí."]
[Result "1-0"]
[WhiteElo "2020"]
[BlackElo "2274"]
[PlyCount "77"]
[EventDate "2017.04.20"]

1. d4 Nf6 2. c4 d6 3. Nc3 g6 4. e4 Bg7 5. f3 O-O 6. Be3 e5 7. d5 Nh5 8. Qd2 f5
9. exf5 gxf5 10. O-O-O Na6 11. Bd3 Nc5 12. Bc2 Qh4 13. b3 e4 14. Bg5 Bxc3 15.
Bxh4 Bxd2+ 16. Kxd2 a5 17. Ne2 Bd7 18. Bf2 Rae8 19. Bd4 Rf7 20. Rde1 Rfe7 21.
Rhg1 Kf8 22. Nc3 exf3 23. Rxe7 Rxe7 24. gxf3 Nf4 25. Be3 Ng6 26. Ne2 Rf7 27.
Bh6+ Ke8 28. Nd4 Kd8 29. h4 c6 30. h5 Ne5 31. Rg8+ Kc7 32. Bg5 b6 33. f4 Ng4
34. dxc6 Bxc6 35. Bxf5 Bd7 36. Bd8+ Kb7 37. Bxg4 Rxf4 38. Bf3+ Ka6 39. Ke3 1-0

[Event "Ì17Â"]
[Site "Loo"]
[Date "2017.04.27"]
[Round "8.15"]
[White "Ñåëèâàíîâ, Èâàí."]
[Black "Ôàõðåòäèíîâ, Ðèíàò."]
[Result "1-0"]
[WhiteElo "2259"]
[BlackElo "2248"]
[PlyCount "105"]
[EventDate "2017.04.20"]

1. e4 e5 2. Nf3 Nc6 3. Bb5 a6 4. Ba4 Nf6 5. O-O b5 6. Bb3 Bb7 7. Re1 Bc5 8. c3
d6 9. d4 Bb6 10. a4 O-O 11. axb5 axb5 12. Rxa8 Bxa8 13. Na3 exd4 14. cxd4 Na5
15. Bc2 b4 16. Nb1 h6 17. Nbd2 Re8 18. b3 Nh5 19. Nf1 Bb7 20. Qd3 Kf8 21. Ng3
Nxg3 22. hxg3 f5 23. e5 Bc8 24. d5 dxe5 25. Nxe5 Qd6 26. Bb2 Nb7 27. g4 Nc5 28.
Qf3 Kg8 29. gxf5 Bb7 30. Qh5 Re7 31. Nf3 Bxd5 32. Rxe7 Qxe7 33. f6 Qf7 34. Bg6
Qe6 35. fxg7 Ne4 36. Bxe4 Bxe4 37. Qh4 c6 38. Ng5 Qxb3 39. Qxe4 Bxf2+ 40. Kf1
Qd1+ 41. Kxf2 Qd2+ 42. Kg1 Qd1+ 43. Kh2 Qh5+ 44. Nh3 Qf7 45. Qxc6 Kh7 46. Qe4+
Kg8 47. Qa8+ Kh7 48. Qh8+ Kg6 49. g8=Q+ Qxg8 50. Qxg8+ Kf5 51. Nf2 h5 52. Qf7+
Kg5 53. Qf6# 1-0

[Event "Ì17Â"]
[Site "Loo"]
[Date "2017.04.27"]
[Round "8.16"]
[White "Çàõàðîâ, Íèêîëàé."]
[Black "Ïàâëîâ, Äàíèëà."]
[Result "0-1"]
[WhiteElo "1968"]
[BlackElo "2253"]
[PlyCount "86"]
[EventDate "2017.04.20"]

1. e4 e6 2. d4 d5 3. Nd2 c5 4. Ngf3 cxd4 5. Nxd4 Nc6 6. Bb5 Bd7 7. Nxc6 Bxc6 8.
Bxc6+ bxc6 9. O-O Nf6 10. e5 Nd7 11. Re1 Qc7 12. Qe2 g6 13. Nb3 Bg7 14. f4 O-O
15. Be3 c5 16. c3 a5 17. Qf2 Rfc8 18. Nd2 Re8 19. Nf3 f6 20. exf6 Nxf6 21. Qh4
Ne4 22. Re2 a4 23. Rae1 a3 24. bxa3 Bxc3 25. Bd2 Bf6 26. Qg4 Rxa3 27. Bc1 Ra6
28. Nd2 Bd4+ 29. Kf1 Nxd2+ 30. Bxd2 Qf7 31. Be3 Bxe3 32. Rxe3 Qf5 33. Qxf5 gxf5
34. Rc1 c4 35. Re2 Kf7 36. Kf2 Rea8 37. Rcc2 Kf6 38. Ke3 Ra3+ 39. Kd4 Rd3+ 40.
Kc5 c3 41. Kb4 Rc8 42. Re5 Rd4+ 43. Kb3 Rxf4 0-1

[Event "Ì17Â"]
[Site "Loo"]
[Date "2017.04.27"]
[Round "8.17"]
[White "Òþðèí, Èëüÿ."]
[Black "Ãîëèêîâ, Äàíèèë."]
[Result "0-1"]
[WhiteElo "2019"]
[BlackElo "2175"]
[PlyCount "63"]
[EventDate "2017.04.20"]

1. e4 e6 2. d4 d5 3. Nd2 c5 4. exd5 exd5 5. Bb5+ Nc6 6. Ngf3 Bd6 7. dxc5 Bxc5
8. O-O Nge7 9. Nb3 Bd6 10. c3 O-O 11. Bg5 f6 12. Bh4 a6 13. Bd3 Ne5 14. Be2
N5g6 15. Bg3 Nf4 16. Bxf4 Bxf4 17. Nfd4 Bc7 18. Bf3 Qd6 19. g3 f5 20. Nc2 f4
21. Nbd4 Kh8 22. Bg4 Bxg4 23. Qxg4 Rf6 24. Rae1 Nc6 25. Nf5 Qf8 26. Ncd4 Qf7
27. Qh3 Rf8 28. g4 Be5 29. f3 h5 30. Qh4 Kg8 31. Re2 hxg4 32. fxg4 {
çàïèñü íåðàçáîð~~èâà} 0-1

[Event "Ì17Â"]
[Site "Loo"]
[Date "2017.04.27"]
[Round "8.18"]
[White "Ãóðüÿíîâ, Äàíèë."]
[Black "Ìåñòíèêîâ, Àéòàë."]
[Result "0-1"]
[WhiteElo "2116"]
[BlackElo "2163"]
[PlyCount "72"]
[EventDate "2017.04.20"]

1. e4 c5 2. Nf3 d6 3. d4 cxd4 4. Nxd4 Nf6 5. Nc3 a6 6. Bg5 Nbd7 7. Qd2 e6 8.
O-O-O Qc7 9. f3 Be7 10. g4 b5 11. Be3 Nb6 12. g5 Nfd7 13. h4 b4 14. Nb1 d5 15.
Bd3 Ne5 16. b3 Bb7 17. Rhf1 O-O 18. f4 Nxd3+ 19. Qxd3 dxe4 20. Qe2 Nd5 21. f5
e5 22. f6 exd4 23. fxe7 Nxe3 24. exf8=Q+ Rxf8 25. Rxd4 Nxf1 26. Qxf1 e3 27. Qe2
Re8 28. Rd1 g6 29. Kb2 Qg3 30. Rf1 Bf3 31. Rxf3 Qxf3 32. Qxf3 e2 33. Qc6 e1=Q
34. Qxa6 Qe5+ 35. c3 Qh2+ 36. Ka1 bxc3 0-1

[Event "Ì17Â"]
[Site "Loo"]
[Date "2017.04.27"]
[Round "8.19"]
[White "Ñìîð÷êîâ, Äàíèë."]
[Black "Ëèëîâ, Àëåêñàíäð."]
[Result "1-0"]
[WhiteElo "2151"]
[BlackElo "2088"]
[PlyCount "55"]
[EventDate "2017.04.20"]

1. d4 c5 2. d5 g6 3. e4 Bg7 4. f4 d6 5. Nf3 Bg4 6. h3 Bxf3 7. Qxf3 e6 8. dxe6
fxe6 9. Bc4 Qd7 10. O-O b5 11. Bd3 Na6 12. f5 Nc7 13. e5 gxf5 14. exd6 Nd5 15.
Nc3 Bxc3 16. bxc3 Ngf6 17. c4 bxc4 18. Bxc4 Rb8 19. Bg5 Rg8 20. Bxf6 Nxf6 21.
Rae1 Ne4 22. Rxe4 fxe4 23. Qf6 Rb7 24. Bxe6 Qg7 25. Bxg8 Qxg8 26. Qe5+ Kd8 27.
Qxe4 Qg7 28. Qxb7 1-0

[Event "Ì17Â"]
[Site "Loo"]
[Date "2017.04.27"]
[Round "8.20"]
[White "Ñòåïàíîâ, Àíäðåé."]
[Black "Ãåéâîíäÿí, Àðñåí."]
[Result "1/2-1/2"]
[WhiteElo "2147"]
[BlackElo "1945"]
[PlyCount "116"]
[EventDate "2017.04.20"]

1. e4 e6 2. d4 d5 3. Nc3 Nc6 4. Bb5 Bb4 5. exd5 Qxd5 6. Bxc6+ Qxc6 7. Qf3 Bd7
8. Bg5 f6 9. Bd2 O-O-O 10. a3 Ba5 11. b4 Bb6 12. d5 exd5 13. Qxd5 Ne7 14. Qxc6
Bxc6 15. f3 Bf2+ 16. Kxf2 Rxd2+ 17. Nge2 Rxc2 18. Rac1 Rb2 19. Rb1 Rxb1 20.
Rxb1 Nd5 21. Nxd5 Bxd5 22. Rc1 Bf7 23. Nd4 Rd8 24. Ke3 Rd5 25. g4 Kd7 26. h4 c6
27. h5 Kc7 28. Rc3 Kb6 29. Nb3 Re5+ 30. Kf4 Bxb3 31. Rxb3 Kb5 32. Rd3 Re7 33.
Kf5 Re5+ 34. Kf4 Re7 35. Kf5 Re5+ 36. Kf4 g5+ 37. hxg6 hxg6 38. Rd7 Kb6 39. Rd6
g5+ 40. Kg3 f5 41. gxf5 Rxf5 42. Rg6 a5 43. Rg7 a4 44. Kg4 Rf4+ 45. Kg3 Rf5 46.
Kg4 Rd5 47. Rxg5 Rd3 48. f4 Rxa3 49. f5 Ra1 50. f6 a3 51. f7 Rg1+ 52. Kh5 Rxg5+
53. Kxg5 a2 54. f8=Q a1=Q 55. Qc5+ Ka6 56. Qc4+ Ka7 57. Qc5+ Kb8 58. Qf8+ Kc7
1/2-1/2

[Event "Ì17Â"]
[Site "Loo"]
[Date "2017.04.27"]
[Round "8.21"]
[White "Ïðèâîðîòñêèé, Îëåã."]
[Black "Áàáàíèí, Ãëåá."]
[Result "1-0"]
[WhiteElo "2164"]
[BlackElo "2054"]
[PlyCount "71"]
[EventDate "2017.04.20"]

1. e4 e5 2. d4 exd4 3. Qxd4 Nc6 4. Qe3 Nf6 5. Nc3 Bb4 6. Bd2 O-O 7. O-O-O Re8
8. Bc4 d6 9. f3 Bc5 10. Qe2 Ne5 11. Bb3 a5 12. g4 b5 13. g5 Nh5 14. Qg2 a4 15.
Bd5 c6 16. f4 cxd5 17. fxe5 d4 18. Nd5 dxe5 19. Qe2 Be6 20. Qf3 Bxd5 21. exd5
g6 22. Re1 b4 23. Nh3 b3 24. a3 bxc2 25. Rhf1 Qc7 26. Nf2 Rab8 27. Ng4 Qb7 28.
Qxf7+ Qxf7 29. Nh6+ Kh8 30. Nxf7+ Kg7 31. Nxe5 Bd6 32. Nc6 d3 33. Nxb8 Rxb8 34.
Rf3 Bxa3 35. Bc3+ Kg8 36. Rxd3 1-0

[Event "Ì17Â"]
[Site "Loo"]
[Date "2017.04.27"]
[Round "8.22"]
[White "Ëåîíîâ, Îëåã."]
[Black "Âîéíèêîíèñ, Íèêèòà."]
[Result "0-1"]
[WhiteElo "1835"]
[BlackElo "2060"]
[PlyCount "89"]
[EventDate "2017.04.20"]

1. e4 g6 2. d4 Bg7 3. f4 d6 4. Nf3 Nd7 5. Bd3 c5 6. d5 Ngf6 7. c4 e6 8. dxe6
fxe6 9. Nc3 O-O 10. O-O Qe7 11. Qc2 a6 12. a4 Nb8 13. Bd2 Nc6 14. Ne2 e5 15.
Rae1 Nb4 16. Bxb4 cxb4 17. h3 Nd7 18. f5 gxf5 19. exf5 Nc5 20. Ng3 Bd7 21. b3
Rae8 22. Be4 Kh8 23. Qb1 Bh6 24. Bc2 Qg7 25. Nh5 Qf7 26. g4 Rg8 27. Kh1 Bc6 28.
Qb2 Bd2 29. Re2 Bc3 30. Qc1 e4 31. Nh4 e3+ 32. Ng2 Bxg2+ 33. Rxg2 e2 34. Re1
Bxe1 35. Qxe1 Qe7 36. f6 Qe3 37. f7 Qc3 38. fxg8=R+ Kxg8 39. Nf6+ Kh8 40. Qxc3
bxc3 41. Rxe2 Rxe2 42. Bf5 c2 43. Bxc2 Rxc2 44. g5 Kg7 45. h4 0-1

[Event "Ì17Â"]
[Site "Loo"]
[Date "2017.04.27"]
[Round "8.23"]
[White "Òîêìàøîâ, Ìàêñèì."]
[Black "Ãëóõîâ, Äìèòðèé."]
[Result "1/2-1/2"]
[WhiteElo "2067"]
[BlackElo "2028"]
[PlyCount "75"]
[EventDate "2017.04.20"]

1. d4 Nf6 2. Nf3 d5 3. e3 Bf5 4. c4 e6 5. Nc3 c6 6. Be2 h6 7. O-O Bd6 8. Qb3
Qc7 9. Bd2 Ne4 10. h3 Nd7 11. Rfc1 Qb6 12. Be1 O-O 13. Nd2 Nxd2 14. Bxd2 dxc4
15. Bxc4 e5 16. d5 Nc5 17. Qxb6 axb6 18. dxc6 bxc6 19. f3 Nd3 20. Bxd3 Bxd3 21.
Ne4 Bxe4 22. fxe4 c5 23. a4 Ra7 24. Bc3 Rfa8 25. Rd1 Be7 26. b3 c4 27. bxc4
Rxa4 28. Bxe5 Bc5 29. Rxa4 Bxe3+ 30. Kf1 Rxa4 31. Rd8+ Kh7 32. Rd7 Kg8 33. Rd8+
Kh7 34. Rd7 Kg8 35. Rd8+ Kh7 36. Rd7 Kg8 37. Rd8+ Kh7 38. Rd7 1/2-1/2

[Event "Ì17Â"]
[Site "Loo"]
[Date "2017.04.27"]
[Round "8.24"]
[White "Àíòîíÿí, Ãðàíò."]
[Black "Àõòàðèåâ, Àíäðåé."]
[Result "1/2-1/2"]
[WhiteElo "2059"]
[BlackElo "2008"]
[PlyCount "72"]
[EventDate "2017.04.20"]

1. e4 c5 2. Nf3 e6 3. d4 cxd4 4. Nxd4 Nf6 5. Nc3 Nc6 6. Ndb5 Bb4 7. a3 Bxc3+ 8.
Nxc3 d5 9. exd5 exd5 10. Bd3 O-O 11. O-O d4 12. Ne4 Nxe4 13. Bxe4 Qf6 14. f4
Bf5 15. Qd3 Bxe4 16. Qxe4 Rfe8 17. Qd3 Ne7 18. Bd2 Rad8 19. Rae1 Nf5 20. Re5 g6
21. Rfe1 Rxe5 22. Rxe5 h5 23. Qe4 d3 24. Re8+ Kh7 25. Rxd8 Qxd8 26. Qxd3 Qb6+
27. Kf1 Qxb2 28. Qd5 Qxc2 29. Qxf7+ Kh6 30. Qf8+ Kh7 31. Qf7+ Kh6 32. Qf8+ Kh7
33. Qf7+ Kh6 34. Qf8+ Kh7 35. Qf7+ Kh6 36. Qf8+ Kh7 1/2-1/2

[Event "Ì17Â"]
[Site "Loo"]
[Date "2017.04.27"]
[Round "8.25"]
[White "Ñàðàòîâñêèé, Äìèòðèé."]
[Black "Àðáóçîâ, Ìèõàèë."]
[Result "0-1"]
[WhiteElo "1929"]
[BlackElo "2048"]
[PlyCount "72"]
[EventDate "2017.04.20"]

1. d4 e6 2. c4 b6 3. Nc3 Bb7 4. e4 Bb4 5. f3 f5 6. exf5 Nh6 7. Bxh6 Qh4+ 8. g3
Qxh6 9. Qd2 Qxd2+ 10. Kxd2 Nc6 11. Nge2 Na5 12. Ng1 O-O 13. Bd3 exf5 14. d5 c6
15. dxc6 Bxc6 16. Kc2 Rac8 17. a3 Bxc3 18. Kxc3 Bd5 19. b3 b5 20. Kb4 bxc4 21.
Kxa5 cxd3 22. Rd1 Rc5+ 23. Ka4 Bc6+ 24. Kb4 d6 25. a4 Rb8+ 26. Ka3 Rc3 27. Rb1
Bd5 28. Nh3 Rcxb3+ 29. Rxb3 Rxb3+ 30. Ka2 Rb8+ 31. Ka1 Bxf3 32. Rg1 d2 33. Nf2
Rb4 34. Nd1 Rc4 35. Kb2 Rc1 36. Rf1 Rxd1 0-1